Rèn luyện sức khỏe bằng phương pháp vận động

Salvato in:
Dettagli Bibliografici
Natura: Sách
Lingua:Undetermined
Pubblicazione:  Thể thao và Du lịch  2021
Soggetti:
Tags: Aggiungi Tag
Nessun Tag, puoi essere il primo ad aggiungerne! !
Thư viện lưu trữ: Trung tâm Thư viện - Trường Đại học Công nghiệp TP. Hồ Chí Minh
LEADER 00458nam a2200133Ia 4500
001 UIH_06835
008 231011s9999 xx 000 0 und d
082 |a  613.71 
245 0 |a  Rèn luyện sức khỏe bằng phương pháp vận động 
260 |b  Thể thao và Du lịch 
260 |c  2021 
650 |a  Thể dục;  
927 |a Sách 
980 |a Trung tâm Thư viện - Trường Đại học Công nghiệp TP. Hồ Chí Minh